For the love of art: the lost history of women in Kerala theatre (Record no. 115613)

MARC details
000 -LEADER
fixed length control field 00258 a2200097 4500
020 ## - INTERNATIONAL STANDARD BOOK NUMBER
International Standard Book Number 9780143468042
100 ## - MAIN ENTRY--PERSONAL NAME
Personal name Sajitha Madathil
245 ## - TITLE STATEMENT
Title For the love of art: the lost history of women in Kerala theatre
260 ## - PUBLICATION, DISTRIBUTION, ETC. (IMPRINT)
Name of publisher, distributor, etc Penguin/Vintage
Date of publication, distribution, etc 2025
942 ## - ADDED ENTRY ELEMENTS (KOHA)
Koha item type On order/under processing
Holdings
Withdrawn status Lost status Damaged status Not for loan Home library Current library Date acquired Source of acquisition Cost, normal purchase price Total Checkouts Barcode Date last seen Cost, replacement price Price effective from Koha item type
        University Library University Library 09/03/2026 269 399.20   00097698 09/03/2026 499.00 09/03/2026 On order/under processing
        University Library University Library 19/03/2026 269 399.20   00098131 19/03/2026 499.00 19/03/2026 On order/under processing
University Library, CUSAT